000 00525ntaaa2200193 4500
003 01
005 20251027202432.0
008 0714s1973 ag 01
040 _aAR-BaBN
_bspa
_cAR-BaBN
_eaacr
_dRIC
082 _a261.7100 Sc9
100 _aSchwarz, Fred
245 _aThe heart, mind, and soul of communism
250 _a1 ed.
260 _aLong Beach :
_bChristian Anti-Communism Crusade, inc.,
_c1952
300 _a32 p.
500 _ainterpretación cristiana del comunismo
650 _aComunismo
_92897
942 _cBK
999 _c19293
_d19293